Statistics for FIFA 23 Serie A TOTS Nominees

Click here to take the quiz!

General Stats

  • This quiz has been taken 23 times
  • The average score is 16 of 45

Answer Stats

Clubplayer% Correct
Attackers NomineesInter MilanLautaro Martínez
82%
Attackers NomineesNapoliVictor Osimhen
82%
Goalkeepers NomineesJuventusWojciech Szczęsny
82%
Attackers NomineesAS RomaPaulo Dybala
77%
Midfielders NomineesInter MilanNicolò Barella
68%
Attackers NomineesAC MilanRafael Leão
68%
Defenders NomineesAC MilanTheo Hernández
64%
Goalkeepers NomineesNapoliAlex Meret
59%
Attackers NomineesNapoliKhvicha Kvaratskhelia
59%
Defenders NomineesNapoliGiovanni Di Lorenzo
55%
Defenders NomineesNapoliKim Min-Jae
55%
Midfielders NomineesNapoliStanislav Lobotka
55%
Defenders NomineesJuventusBremer
50%
Goalkeepers NomineesAS RomaRui Patrício
50%
Midfielders NomineesJuventusAdrien Rabiot
45%
Midfielders NomineesNapoliAndré-Frank Zambo Anguissa
45%
Attackers NomineesUS SalernitanaBoulaye Dia
45%
Midfielders NomineesAC MilanSandro Tonali
41%
Attackers NomineesJuventusÁngel Di María
36%
Midfielders NomineesInter MilanHakan Çalhanoğlu
36%
Defenders NomineesAS RomaChris Smalling
32%
Midfielders NomineesAS RomaBryan Cristante
27%
Defenders NomineesInter MilanFederico Dimarco
27%
Goalkeepers NomineesSS LazioIvan Provedel
27%
Midfielders NomineesSS LazioSergej Milinković-Savić
27%
Defenders NomineesSS LazioAlessio Romagnoli
23%
Midfielders NomineesFiorentinaSofyan Amrabat
23%
Attackers NomineesAtalanta BCAdemola Lookman
18%
Attackers NomineesSS LazioMattia Zaccagni
18%
Attackers NomineesUS SassuoloArmand Laurienté
14%
Defenders NomineesAC MonzaCarlos Augusto
14%
Defenders NomineesUdineseDestiny Udogie
14%
Defenders NomineesUS LecceFederico Baschirotto
14%
Attackers NomineesUS LecceGabriel Strefezza
14%
Goalkeepers NomineesEmpoliGuglielmo Vicario
14%
Attackers NomineesSpeziaM'Bala Nzola
14%
Midfielders NomineesJuvetusNicolò Fagioli
14%
Attackers NomineesAtalanta BCRasmus Højlund
14%
Defenders NomineesBolognaStefan Posch
14%
Defenders NomineesAtalanta BCGiorgio Scalvini
9%
Midfielders NomineesUdineseRoberto Pereyra
9%
Midfielders NomineesUS SassuoloDavide Frattesi
5%
Defenders NomineesTorinoPerr Schuurs
5%
Midfielders NomineesBolognaRiccardo Orsolini
5%
Midfielders NomineesEmpoliTommaso Baldanzi
5%

Score Distribution

Percentile by Number Answered

Percent of People with Each Score

Your Score History

You have not taken this quiz